LIBRARY & INFORMATION CENTRE, KCAET, TAVANUR

ONLINE PUBLIC ACCESS CATALOGUE (OPAC)

Methods for Assessment of Soil Degradation (Record no. 14559)

MARC details
000 -LEADER
fixed length control field 00354nam a22001457a 4500
020 ## - INTERNATIONAL STANDARD BOOK NUMBER
ISBN 084937443X
082 ## - DEWEY DECIMAL CLASSIFICATION NUMBER
Classification number 631.4
Item number LAL/ME
245 ## - TITLE STATEMENT
Title Methods for Assessment of Soil Degradation
260 ## - PUBLICATION, DISTRIBUTION, ETC. (IMPRINT)
Place of publication New York
Name of publisher CRC Press
Year of publication 2014
300 ## - PHYSICAL DESCRIPTION
Number of Pages 558
490 ## - SERIES STATEMENT
Series statement Advances in Soil Science
700 ## - ADDED ENTRY--PERSONAL NAME
Personal name Lal, R.
700 ## - ADDED ENTRY--PERSONAL NAME
Personal name Blum,W.H.
942 ## - ADDED ENTRY ELEMENTS (KOHA)
Koha item type Books
Holdings
Withdrawn status Lost status Damaged status Collection code Home library Current library Shelving location Date acquired Source of acquisition Cost, normal purchase price Full call number Accession Number Koha item type
        KAUAET KAUAET General Stacks 16/07/2016 Dream Tech, Trivandrum 4495.00 631.4 LAL/ME 24444 Books
free website counter